15 x 10 Picross avec 3 vies - "Véhicule" - Statistiques

Statistiques générales
  • Ce quiz a été pris 732 fois
  • Le résultat moyen est 67 sur 150
Statistiques - réponses
Réponse % Correct
d
69%
d
67%
d
67%
x
64%
x
64%
d
62%
d
62%
d
61%
d
60%
d
60%
x
60%
d
59%
d
59%
d
59%
d
58%
d
58%
d
57%
d
57%
d
57%
x
57%
d
56%
x
56%
d
55%
d
55%
d
55%
x
55%
x
55%
x
55%
d
53%
x
53%
x
53%
x
53%
d
52%
d
52%
d
52%
d
52%
d
51%
d
51%
x
51%
d
50%
d
50%
d
50%
d
50%
x
50%
x
49%
x
49%
x
49%
x
49%
x
49%
x
49%
d
48%
d
48%
d
48%
d
48%
d
48%
x
48%
x
48%
x
48%
x
48%
x
48%
x
48%
x
47%
d
46%
d
46%
d
46%
x
46%
x
46%
x
46%
d
45%
d
45%
d
45%
x
45%
x
45%
x
45%
d
44%
d
44%
d
44%
x
44%
x
44%
x
44%
x
44%
d
43%
d
43%
x
43%
x
43%
d
42%
d
42%
d
42%
x
42%
x
42%
x
42%
x
42%
x
42%
x
42%
x
42%
d
41%
d
41%
x
41%
x
41%
x
41%
x
41%
d
40%
x
40%
x
40%
x
40%
x
40%
x
40%
x
40%
x
40%
x
40%
d
39%
x
39%
x
39%
x
39%
x
39%
d
38%
d
38%
d
38%
x
38%
x
38%
x
37%
x
37%
x
36%
d
35%
x
35%
x
34%
d
33%
x
33%
x
33%
d
32%
x
32%
x
32%
x
32%
x
32%
d
31%
x
31%
x
30%
x
30%
x
29%
x
29%
d
28%
d
28%
x
28%
d
27%
x
27%
d
26%
d
26%
d
26%
x
26%
x
25%
Aucun quiz correspondant
Distribution des résultats
% des personnes avec chaque résultat
Percentile par nombre de réponses
Votre historique - résultats
Vous n’avez pas pris ce quiz